TMNT Figures 1988-1992 Quiz Stats

 Plays Quiz not verified by Sporcle

Challenge
Share
Tweet
Embed
Score 0/62 Timer 10:00
0 Plays Today
Year Figure/Character % Correct
1988Leonardo
98.3%
1988Donatello
94.2%
1988Raphael
94.2%
1988Splinter
92.5%
1988Shredder
90.8%
1988April Oneil
90%
1988Bebop
87.5%
1988Michaelangelo
86.7%
1988Rocksteady
82.5%
1989Krang
80.8%
1988Foot Soldier
80%
1989Casey Jones
74.2%
1989Ace Duck
73.3%
1989Baxter Stockman
67.5%
1989Leatherhead
62.5%
1989Rat King
62.5%
1990Slash
58.3%
1991Rahzar
55.8%
1989Metalhead
55%
1989General Traag
54.2%
1991Tokka
53.3%
1989Genghis Frog
52.5%
1989Usagi Yojimbo
51.7%
1990Napoleon Bonafrog
50%
1990Muckman
49.2%
1990Mutagen Man
48.3%
1990Pizza Face
46.7%
1990Mondo Gecko
46.7%
1991Groundchuck
46.7%
ToonIrma
46.7%
1990Ray Fillet
45%
Year Figure/Character % Correct
ToonVern
45%
1990Wingnut
44.2%
1991Dirtbag
44.2%
1990Triceraton
42.5%
1993Scratch
39.5%
1990Fugitoid
39.2%
1990Panda Khan
38.3%
1991Chrome Dome
37.5%
1992Mona Lisa
37.5%
1991King Lionheart
36.7%
1990Scumbug
35%
ToonBurne
35%
1991Sergeant Bananas
32.5%
1992Hothead
32.5%
1992Scale Tail
32.5%
1991Zak the Neutrino
31.7%
1990Killer Bee
30.8%
1990Needlenose
29.2%
1992Doctor El
29.2%
1992Halfcourt
29.2%
1991Antrax
28.3%
1992Merdude
28.3%
ToonKala
28.3%
1991Tattoo
27.5%
1991Walkabout
27.5%
1991Wyrm
27.5%
1992Monty Moose
27.5%
Toon Dask
26.7%
1993Hot Spot
26.1%
1992Sandstorm
25.8%
1993Rhinoman
17.6%

You're not logged in!

Compare scores with friends on all Sporcle quizzes.
OR
Log In

You Might Also Like...

Show Comments

Extras

Created Oct 28, 2013ReportNominate
Tags:character, tmnt

Top Quizzes Today


Score Distribution

Your Account Isn't Verified!

In order to create a playlist on Sporcle, you need to verify the email address you used during registration. Go to your Sporcle Settings to finish the process.

Report this User

Report this user for behavior that violates our Community Guidelines.

Details: